| 000 | 00940nam a2200253 i 4500 | ||
|---|---|---|---|
| 001 | bg | ||
| 245 | 1 | 0 |
_aGeografia społeczno-gospodarcza Polski / _cred. nauk. Henryk Rogacki. |
| 260 |
_aWarszawa : _bWydawnictwo Naukowe PWN, _c2007. |
||
| 300 |
_a400 s. : _bil. w tym kolor.) ; _c24 cm. |
||
| 504 | _aBibliogr. s. 398-400. | ||
| 521 | _aDla studentów geografii, gospodarki przestrzennej, ekonomii, zarządzania, turystyki, jak również stosunków międzynarodowych, socjologii i historii gospodarczej. | ||
| 650 | 9 |
_aGeografia gospodarcza _zPolska |
|
| 650 | 9 |
_aGeografia społeczna _zPolska |
|
| 655 | _aPodręczniki akademickie | ||
| 700 | 1 |
_aRogacki, Henryk _eRed. |
|
| 020 | _a9788301152420 | ||
| 040 | _cBPK | ||
| 041 | 0 | _apol | |
| 044 | _aPOL | ||
| 080 | _a911.3:316+33](075.8) | ||
| 942 | _cKS | ||
| 008 | s pl f |000 0 pol | ||
| 999 |
_c54635 _d54635 |
||
| 856 |
_uhttp://koha.tu.koszalin.pl/cgi-bin/koha/opac-detail.pl?biblionumber=54635 _yKatalog online BPK |
||